Nickel coatings obtained from non-aqueous electrolytes for highly soluble PCMs; Химия и химическая технология в XXI веке

Bibliografiske detaljer
Parent link:Химия и химическая технология в XXI веке.— 2018.— [С. 481-482]
Hovedforfatter: Cruz M. J.
Corporate Authors: Department of Chemical Engineering and Mineral Processing and Center for Advanced Study on Lithium and Industrial Minerals (CELiMIN), University of Antofagasta, Belarusian State Technological University
Andre forfattere: Kharitonov D. S. (научный руководитель), Makarova I. V.
Summary:Заглавие с экрана
Sprog:engelsk
Udgivet: 2018
Serier:Химия и химическая технология на иностранном языке
Fag:
Online adgang:http://earchive.tpu.ru/handle/11683/49918
Format: Electronisk Book Chapter
KOHA link:https://koha.lib.tpu.ru/cgi-bin/koha/opac-detail.pl?biblionumber=627059

MARC

LEADER 00000naa2a2200000 4500
001 627059
005 20231101133437.0
035 |a (RuTPU)RU\TPU\conf\26749 
035 |a RU\TPU\conf\26736 
090 |a 627059 
100 |a 20180814d2018 k y0rusy50 ba 
101 0 |a eng 
102 |a RU 
105 |a y z 101zy 
135 |a drgn ---uucaa 
181 0 |a i  
182 0 |a b 
200 1 |a Nickel coatings obtained from non-aqueous electrolytes for highly soluble PCMs  |f M. J. Cruz, D. S. Kharitonov  |g sci. adv. I. V. Makarova 
203 |a Текст  |c электронный 
225 1 |a Химия и химическая технология на иностранном языке 
230 |a 1 компьютерный файл (pdf; 698 Kb) 
300 |a Заглавие с экрана 
320 |a [Библиогр.: с. 482 (3 назв.)] 
463 0 |0 (RuTPU)RU\TPU\conf\26227  |t Химия и химическая технология в XXI веке  |o материалы XIX Международной научно-практической конференции студентов и молодых ученых имени профессора Л. П. Кулёва, 21-24 мая 2018 г., г. Томск  |f Национальный исследовательский Томский политехнический университет  |v [С. 481-482]  |d 2018 
610 1 |a электронный ресурс 
610 1 |a никелевые покрытия 
610 1 |a электролиты 
610 1 |a электроосаждение 
610 1 |a металлические структуры 
700 1 |a Cruz  |b M. J. 
701 1 |a Kharitonov  |b D. S. 
702 1 |a Makarova  |b I. V.  |4 727 
712 0 2 |a Department of Chemical Engineering and Mineral Processing and Center for Advanced Study on Lithium and Industrial Minerals (CELiMIN), University of Antofagasta 
712 0 2 |a Belarusian State Technological University 
801 2 |a RU  |b 63413507  |c 20180821  |g RCR 
856 4 |u http://earchive.tpu.ru/handle/11683/49918 
942 |c BK